<?xml version="1.0" encoding="UTF-8"?>
<record
    xmlns:xsi="http://www.w3.org/2001/XMLSchema-instance"
    xsi:schemaLocation="http://www.loc.gov/MARC21/slim http://www.loc.gov/standards/marcxml/schema/MARC21slim.xsd"
    xmlns="http://www.loc.gov/MARC21/slim">

  <leader>02951njm a2200493Ia 4500</leader>
  <controlfield tag="001">20763</controlfield>
  <controlfield tag="003">IT-RoPAU</controlfield>
  <controlfield tag="005">20220918181125.0</controlfield>
  <controlfield tag="008">131025s9999    xx            000 0 und d</controlfield>
  <datafield tag="040" ind1=" " ind2=" ">
    <subfield code="a">IT-RoPAU</subfield>
  </datafield>
  <datafield tag="040" ind1=" " ind2=" ">
    <subfield code="c">IT-RoPAU</subfield>
  </datafield>
  <datafield tag="041" ind1=" " ind2=" ">
    <subfield code="a">ITALIANO</subfield>
  </datafield>
  <datafield tag="999" ind1=" " ind2=" ">
    <subfield code="c">100128</subfield>
    <subfield code="d">100128</subfield>
  </datafield>
  <datafield tag="999" ind1=" " ind2=" ">
    <subfield code="b">n.d.</subfield>
  </datafield>
  <datafield tag="100" ind1=" " ind2=" ">
    <subfield code="a">AA.VV.</subfield>
    <subfield code="9">794</subfield>
  </datafield>
  <datafield tag="100" ind1=" " ind2=" ">
    <subfield code="e">Autore musica</subfield>
    <subfield code="9">3052</subfield>
  </datafield>
  <datafield tag="100" ind1=" " ind2=" ">
    <subfield code="g">Codice autore musica SPICS: 12000</subfield>
    <subfield code="9">796</subfield>
  </datafield>
  <datafield tag="245" ind1=" " ind2=" ">
    <subfield code="a">Trio Lescano (Il)-Disco</subfield>
  </datafield>
  <datafield tag="250" ind1=" " ind2=" ">
    <subfield code="a">2a ed.</subfield>
  </datafield>
  <datafield tag="260" ind1=" " ind2=" ">
    <subfield code="a">MILANO</subfield>
  </datafield>
  <datafield tag="260" ind1=" " ind2=" ">
    <subfield code="b">FRATELLI FABBRI EDITORI</subfield>
    <subfield code="c">1982 [1a Ed.:1970]</subfield>
  </datafield>
  <datafield tag="300" ind1=" " ind2=" ">
    <subfield code="a">DISCO</subfield>
  </datafield>
  <datafield tag="300" ind1=" " ind2=" ">
    <subfield code="c">26 minuti (Testo:  pag.)</subfield>
  </datafield>
  <datafield tag="500" ind1=" " ind2=" ">
    <subfield code="a">La canzone italiana. I divi degli anni '30. Olanda, marito bello e ricco, tristezza, perduto amore, primavera, gioia, scioglilingua, sposare, lattaio, fornaio, macellaio, sognare</subfield>
  </datafield>
  <datafield tag="505" ind1=" " ind2=" ">
    <subfield code="a">Tulipan [(Grever/Morbelli-Trio Lescano) (4:00)] - Senti l'eco [(Pizzigoni-Trio Lescano) (4:00)] - Pap&#xE0; e mamm&#xE0; [(Barzizza/Borelli-Quartetto Cetra-Trio Lescano) (4:00)] - Nebbia [(Vallini/Tettoni-Caterinetta Lescano) (4:00)] - Comtemplazione [(Chiappo/Lavagnino-Trio Lescano) (3:00)] - Tulilem-blem-blu [(Sciorilli-Trio Lescano) (4:00)] - Oh! Ma-ma (4:00) - La barca dei sogni [(Di Ceglie/Testoni-Caterinetta Lescano) (4:00)]</subfield>
  </datafield>
  <datafield tag="511" ind1=" " ind2=" ">
    <subfield code="a">Trio Lescano (Il)</subfield>
  </datafield>
  <datafield tag="511" ind1=" " ind2=" ">
    <subfield code="a">Quartetto Cetra (Il)</subfield>
  </datafield>
  <datafield tag="511" ind1=" " ind2=" ">
    <subfield code="a">Leschan Caterinetta</subfield>
  </datafield>
  <datafield tag="650" ind1=" " ind2=" ">
    <subfield code="a">CANZONE ITALIAN [DISCHI]</subfield>
    <subfield code="e">Codice MATERIA SPICS: 9950</subfield>
    <subfield code="9">3053</subfield>
  </datafield>
  <datafield tag="700" ind1=" " ind2=" ">
    <subfield code="a">Morbelli Riccardo</subfield>
    <subfield code="g">Codice autore musica SPICS: 13446</subfield>
    <subfield code="e">Autore musica</subfield>
    <subfield code="p">Tulipan</subfield>
    <subfield code="9">3054</subfield>
  </datafield>
  <datafield tag="700" ind1=" " ind2=" ">
    <subfield code="a">Grever Maria</subfield>
    <subfield code="g">Codice autore testo/musica SPICS: 13517</subfield>
    <subfield code="e">Autore testo/musica</subfield>
    <subfield code="p">Tulipan</subfield>
    <subfield code="9">3055</subfield>
  </datafield>
  <datafield tag="700" ind1=" " ind2=" ">
    <subfield code="a">Pizzigoni</subfield>
    <subfield code="g">Codice autore testo/musica SPICS: 13516</subfield>
    <subfield code="e">Autore testo/musica</subfield>
    <subfield code="p">Senti l'eco</subfield>
    <subfield code="9">3056</subfield>
  </datafield>
  <datafield tag="700" ind1=" " ind2=" ">
    <subfield code="a">Borelli Rosario</subfield>
    <subfield code="g">Codice autore musica SPICS: 13518</subfield>
    <subfield code="e">Autore musica</subfield>
    <subfield code="p">Pap&#xE0; e mamm&#xE0;</subfield>
    <subfield code="9">3057</subfield>
  </datafield>
  <datafield tag="700" ind1=" " ind2=" ">
    <subfield code="a">Barzizza Pippo</subfield>
    <subfield code="g">Codice autore testo/musica SPICS: 13368</subfield>
    <subfield code="e">Autore testo/musica</subfield>
    <subfield code="p">Pap&#xE0; e mamm&#xE0;</subfield>
    <subfield code="9">3058</subfield>
  </datafield>
  <datafield tag="700" ind1=" " ind2=" ">
    <subfield code="a">Tettoni Ferdinando</subfield>
    <subfield code="g">Codice autore musica SPICS: 13515</subfield>
    <subfield code="e">Autore musica</subfield>
    <subfield code="p">Nebbia</subfield>
    <subfield code="9">3059</subfield>
  </datafield>
  <datafield tag="700" ind1=" " ind2=" ">
    <subfield code="a">Vallini Mario</subfield>
    <subfield code="g">Codice autore testo/musica SPICS: 13519</subfield>
    <subfield code="e">Autore testo/musica</subfield>
    <subfield code="p">Nebbia</subfield>
    <subfield code="9">3060</subfield>
  </datafield>
  <datafield tag="700" ind1=" " ind2=" ">
    <subfield code="a">Lavagnino Alberto</subfield>
    <subfield code="g">Codice autore musica SPICS: 16917</subfield>
    <subfield code="e">Autore musica</subfield>
    <subfield code="p">Comtemplazione</subfield>
    <subfield code="9">3061</subfield>
  </datafield>
  <datafield tag="700" ind1=" " ind2=" ">
    <subfield code="a">Chiappo Enrico</subfield>
    <subfield code="g">Codice autore testo/musica SPICS: 13520</subfield>
    <subfield code="e">Autore testo/musica</subfield>
    <subfield code="p">Comtemplazione</subfield>
    <subfield code="9">3062</subfield>
  </datafield>
  <datafield tag="700" ind1=" " ind2=" ">
    <subfield code="a">Sciorilli Eros</subfield>
    <subfield code="g">Codice autore testo/musica SPICS: 13521</subfield>
    <subfield code="e">Autore testo/musica</subfield>
    <subfield code="p">Tulilem-blem-blu</subfield>
    <subfield code="9">3063</subfield>
  </datafield>
  <datafield tag="700" ind1=" " ind2=" ">
    <subfield code="a">Citorello</subfield>
    <subfield code="g">Codice autore musica SPICS: 13522</subfield>
    <subfield code="e">Autore musica</subfield>
    <subfield code="p">Oh! Ma-ma</subfield>
    <subfield code="9">3064</subfield>
  </datafield>
  <datafield tag="700" ind1=" " ind2=" ">
    <subfield code="a">Vallee Rudy</subfield>
    <subfield code="g">Codice autore testo/musica SPICS: 13523</subfield>
    <subfield code="e">Autore testo/musica</subfield>
    <subfield code="p">Oh! Ma-ma</subfield>
    <subfield code="9">3065</subfield>
  </datafield>
  <datafield tag="700" ind1=" " ind2=" ">
    <subfield code="a">Testoni Giancarlo</subfield>
    <subfield code="g">Codice autore musica SPICS: 13524</subfield>
    <subfield code="e">Autore musica</subfield>
    <subfield code="p">La barca dei sogni</subfield>
    <subfield code="9">3066</subfield>
  </datafield>
  <datafield tag="700" ind1=" " ind2=" ">
    <subfield code="a">Di Ceglie Cosimo</subfield>
    <subfield code="g">Codice autore testo/musica SPICS: 13484</subfield>
    <subfield code="e">Autore testo/musica</subfield>
    <subfield code="p">La barca dei sogni</subfield>
    <subfield code="9">3067</subfield>
  </datafield>
  <datafield tag="942" ind1=" " ind2=" ">
    <subfield code="c">MD</subfield>
    <subfield code="2">ddc</subfield>
  </datafield>
  <datafield tag="952" ind1=" " ind2=" ">
    <subfield code="0">0</subfield>
    <subfield code="1">0</subfield>
    <subfield code="4">0</subfield>
    <subfield code="6">20763_000000000000000</subfield>
    <subfield code="7">1</subfield>
    <subfield code="a">SPICS</subfield>
    <subfield code="b">SPICS</subfield>
    <subfield code="d">2013-10-25</subfield>
    <subfield code="l">0</subfield>
    <subfield code="o">20763</subfield>
    <subfield code="r">2013-10-25 00:00:00</subfield>
    <subfield code="w">2013-10-25</subfield>
    <subfield code="y">MD</subfield>
    <subfield code="z">Progr. Ins.: 4066 / N.Vol.: 1 / Copie: 1 - Copia rara: n.d. / date import: 01.01.2014 - By Epidotti, Trombetti, Vaglietti</subfield>
  </datafield>
</record>
